Budget, Andhra Pradesh, 1970-71 (Record no. 509667)

000 -LEADER
fixed length control field 00345nam a22001217a 4500
082 ## - DEWEY DECIMAL CLASSIFICATION NUMBER
Classification number L1x5451 1970-71
100 ## - MAIN ENTRY--PERSONAL NAME
Personal name Government of Andhra Pradesh
9 (RLIN) 5772
245 ## - TITLE STATEMENT
Title Budget, Andhra Pradesh, 1970-71
260 ## - PUBLICATION, DISTRIBUTION, ETC. (IMPRINT)
Place of publication, distribution, etc Hyderabad
Name of publisher, distributor, etc Government of Andhra Pradesh
Date of publication, distribution, etc 1971
300 ## - PHYSICAL DESCRIPTION
Extent v.p.
650 ## - SUBJECT ADDED ENTRY--TOPICAL TERM
Topical term or geographic name as entry element Budget - India - Andhra Pradesh
9 (RLIN) 5773
942 ## - ADDED ENTRY ELEMENTS (KOHA)
Source of classification or shelving scheme
Holdings
Withdrawn status Lost status Source of classification or shelving scheme Damaged status Koha normalized classification for sorting Not for loan Permanent location Current location Date acquired Full call number Barcode Date last seen Price effective from Koha item type
        L_1X5451_197071   Indian Institute of Public Administration Indian Institute of Public Administration 2019-05-17 L1x5451 1970-71 GG34680 2019-05-17 2019-05-17 GG

Powered by Koha